000 00848nmm a2200253 a 4500
001 ocm000703801
003 TR-IsHL
005 20201028142016.0
008 131226s1967 tu tur
007 cr cn
035 _a703801
_b(N$T)
050 0 4 _aZ665
_b.O94 1967
090 0 4 _aZ665
_b.O94 1967
100 1 _aÖzerdim, Sami N.
245 1 0 _aBilgi kaynakları ve arşivcilik
_h[electronic resource] /
_cSami N. Özerdim
260 _aAnkara :
_bAnkara Üniversitesi Siyasal Bilgiler Fakültesi,
_c1967
300 _a423 p.
650 4 _aKütüphanecilik
650 4 _aLibrary Science
650 0 _aArşivcilik
650 0 _aArchival
650 7 _aLANGUAGE ARTS & DISCIPLINES / Library & Information Science / General
_2bisacsh
856 4 0 _uhttp://search.ebscohost.com/login.aspx?direct=true&scope=site&db=e011xww&AN=703801
999 _c8120
_d8120